000 01078nac a22002771u 4500
010 _a 92010632
020 _a0803936702 (cl)
020 _a0803936710 (pb)
082 0 0 _a306.7
_bHEN
090 _c7033
_d7033
100 _aHendrick, Susan,
245 1 0 _aRomantic love /
_cSusan S. Hendrick, Clyde Hendrick.
260 _aNewbury Park :
_bSage Publications,1992
_cc1992.
300 _axiii, 138 p. ;
_c24 cm.
440 0 _aSage series on close relationships
500 _adistributer: Al-Ahram
504 _aIncludes bibliographical references (p. 119-127) and indexes.
511 _acatalogued by: wessam
650 0 _aLove.
650 0 _aMan-woman relationships.
700 1 _aHendrick, Clyde.
856 4 2 _3Publisher description
_uhttp://www.loc.gov/catdir/enhancements/fy0655/92010632-d.html
856 4 2 _3Table of contents only
_uhttp://www.loc.gov/catdir/enhancements/fy0655/92010632-t.html
942 _cBB
_k306.7HEN
999 _c7033
_d7033